Bioceramics : (Record no. 11155)
[ view plain ]
| 000 -LEADER | |
|---|---|
| fixed length control field | 01087cam a22003498a 4500 |
| 001 - CONTROL NUMBER | |
| control field | 15658182 |
| 005 - DATE AND TIME OF LATEST TRANSACTION | |
| control field | 20201128020730.0 |
| 008 - FIXED-LENGTH DATA ELEMENTS--GENERAL INFORMATION | |
| fixed length control field | 090311s2009 nyu b 001 0 eng |
| 010 ## - LIBRARY OF CONGRESS CONTROL NUMBER | |
| LC control number | 2009010498 |
| 020 ## - INTERNATIONAL STANDARD BOOK NUMBER | |
| International Standard Book Number | 9780387378794 (hardcover : alk. paper) |
| 035 ## - SYSTEM CONTROL NUMBER | |
| System control number | (DNLM)101498813 |
| 040 ## - CATALOGING SOURCE | |
| Original cataloging agency | DNLM/DLC |
| Transcribing agency | DLC |
| 042 ## - AUTHENTICATION CODE | |
| Authentication code | pcc |
| 050 00 - LIBRARY OF CONGRESS CALL NUMBER | |
| Classification number | R857.C4 |
| Item number | .B573 2009 |
| 060 10 - NATIONAL LIBRARY OF MEDICINE CALL NUMBER | |
| Classification number | QT 37.5.C4 |
| Item number | B6165 2009 |
| 082 00 - DEWEY DECIMAL CLASSIFICATION NUMBER | |
| Classification number | 610.284 |
| Edition number | 22 |
| Item number | PAR |
| 100 1# - MAIN ENTRY--PERSONAL NAME | |
| Personal name | Park, Joon. |
| 9 (RLIN) | 3602 |
| 245 00 - TITLE STATEMENT | |
| Title | Bioceramics : |
| Remainder of title | An Introduction / |
| Statement of responsibility, etc | Joon Park, R.S. Lakes. |
| 250 ## - EDITION STATEMENT | |
| Edition statement | 3rd ed. |
| 260 ## - PUBLICATION, DISTRIBUTION, ETC. (IMPRINT) | |
| Place of publication, distribution, etc | New York : |
| Name of publisher, distributor, etc | Springer, |
| Date of publication, distribution, etc | c2007. |
| 300 ## - PHYSICAL DESCRIPTION | |
| Extent | xi, 561p: |
| Dimensions | 30 cm. |
| Other physical details | ill; |
| 500 ## - GENERAL NOTE | |
| General note | Includes Index. |
| 504 ## - BIBLIOGRAPHY, ETC. NOTE | |
| Bibliography, etc | Includes bibliographical references and index. |
| 650 #0 - SUBJECT ADDED ENTRY--TOPICAL TERM | |
| Topical term or geographic name as entry element | Ceramics in medicine. |
| 9 (RLIN) | 3006 |
| 650 12 - SUBJECT ADDED ENTRY--TOPICAL TERM | |
| Topical term or geographic name as entry element | Biocompatible Materials. |
| 9 (RLIN) | 3007 |
| 650 12 - SUBJECT ADDED ENTRY--TOPICAL TERM | |
| Topical term or geographic name as entry element | Ceramics |
| General subdivision | therapeutic use. |
| 9 (RLIN) | 3008 |
| 650 22 - SUBJECT ADDED ENTRY--TOPICAL TERM | |
| Topical term or geographic name as entry element | Ceramics |
| General subdivision | chemistry. |
| 9 (RLIN) | 3009 |
| 700 1# - ADDED ENTRY--PERSONAL NAME | |
| Personal name | Lakes, R. S. |
| 9 (RLIN) | 3603 |
| 700 1# - ADDED ENTRY--PERSONAL NAME | |
| Personal name | Fuchs, Jacob, |
| Dates associated with a name | 1959- |
| 9 (RLIN) | 3011 |
| 942 ## - ADDED ENTRY ELEMENTS (KOHA) | |
| Source of classification or shelving scheme | Dewey Decimal Classification |
| Item type | Book - Borrowing |
| Withdrawn status | Item status | Source of classification or shelving scheme | Damaged status | Not for loan | Vendor | Home library | Current library | Shelving location | Date acquired | Source of acquisition | Cost, normal purchase price | Serial Enumeration / chronology | Total Checkouts | Full call number | Barcode | Date last seen | Koha item type |
|---|---|---|---|---|---|---|---|---|---|---|---|---|---|---|---|---|---|
| Dewey Decimal Classification | Alahram | Central Library | Central Library | First floor | 31/03/2009 | 560.00 | 361 | 610.284 PAR | 000015304 | 15/07/2025 | Book - Borrowing | ||||||
| Dewey Decimal Classification | Alahram | Central Library | Central Library | First floor | 13/04/2009 | 560.00 | 362 | 610.284 PAR | 000015526 | 15/07/2025 | Book - Borrowing |